000 00643cam a2200229 4500500
005 20260329004948.0
041 _afre
042 _adc
100 1 0 _aPépin, Charles
_eauthor
245 0 0 _a“Où trouver la force ?”
260 _c2021.
500 _a34
690 _aCharles Pépin
690 _aenvie
690 _aForce
690 _aFragilité
690 _aJalousie
690 _aRésilience
690 _aRessentiment
786 0 _nPhilosophie magazine | 155 | 12 | 2021-12-01 | p. 3-3 | 1951-1787
856 4 1 _uhttps://shs.cairn.info/magazine-philosophie-magazine-2021-12-1-page-3?lang=fr&redirect-ssocas=7080
999 _c1838962
_d1838962